000 01294nam2a22002411 4500
001 v19\rc\2070599
005 20250620043547.0
035 _a(NLR Aleph) 005174726
090 _a5093723
_c5093723
100 _a20081218d1913 |||y0rusy50 ca
101 0 _arus
102 _aRU
105 _ay z |||||
200 0 _a... за 1913 год Губ. осведомительного агента Н. Здорова
210 _d[1913]
_aБ. м.
215 _a9 с.
461 0 _1001v19\rc\2070598
_12001#$aОтчет херсонского губернского осведомительного агента по переселению...$v... за 1913 год Губ. осведомительного агента Н. Здорова
_95093720
_aХерсонский губернский земский осведомительный агент по переселению
_cХерсон
_d[1913]-[1914]
_tОтчет херсонского губернского осведомительного агента по переселению...
_v... за 1913 год Губ. осведомительного агента Н. Здорова
702 1 _aЗдоров
_bН.
_4220
801 0 _aRU
_bNLR
_gpsbo
801 1 _aRU
_bProSoft-M
_2rusmarc
852 _aNLR
_bЗем
_j45/О74
942 _cBOOK
980 _aNB